00000000nam 2200000zi 4500
0019.954317
003CaOODSP
00520250820120950
006m     o  d f      
007cr mn ||||||||
008250820e20241016oncd    obs  f000 0 fre d
040 |aCaOODSP|bfre|erda|cCaOODSP
043 |an-cn---
0861 |aCS82-003/2024-10-1F-PDF
1001 |aBushnik, Tracey, |eauteur.
24510|aDe BpTRU à OMRON : |bincidence de l’utilisation d’un dispositif différent de mesure automatique de la tension artérielle sur les estimations de la tension artérielle et de l’hypertension au sein de la population adulte / |cpar Tracey Bushnik, Heather Gilmour, Vincent Mak et Anne Mather.
264 1|a[Ottawa] : |bStatistique Canada = Statistics Canada, |cle 16 octobre 2024.
264 4|c©2024
300 |a1 ressource en ligne (19 pages) : |bgraphiques.
336 |atexte|btxt|2rdacontent/fre
337 |ainformatique|bc|2rdamedia/fre
338 |aressource en ligne|bcr|2rdacarrier/fre
4901 |aRapports sur la santé, |x1209-1375 ; |vvol. 35, no. 10, [1]
500 |aPublié aussi en anglais sous le titre : From BpTRU to OMRON : the impact of changing automated blood pressure measurement devices on adult population estimates of blood pressure and hypertension.
504 |aComprend des références bibliographiques (pages 18-19).
650 6|aPression artérielle|zCanada|vStatistiques.
650 6|aPression artérielle|zCanada|xMesure|vStatistiques.
650 6|aHypertension artérielle|zCanada|vStatistiques.
655 7|aStatistiques|2rvmgf
7102 |aStatistique Canada, |eorganisme de publication.
77508|tFrom BpTRU to OMRON : |w(CaOODSP)9.954316
830#0|aRapports sur la santé (Collection)|x1209-1375 ; |vvol. 35, no. 10, [1].|w(CaOODSP)9.950257
85640|qPDF|s2.40 Mo|uhttps://publications.gc.ca/collections/collection_2025/statcan/82-003-x/CS82-003-2024-10-1-fra.pdf
85641|qHTML|sS.O.|uhttps://www150.statcan.gc.ca/n1/pub/82-003-x/2024010/article/00001-fra.htm